[Event "EU-ch 16th"]
[Site "Jerusalem"]
[Date "2015.03.01"]
[Round "5"]
[White "Katzir, Moshe"]
[Black "Westreich, Itay"]
[Result "0-1"]
[WhiteElo "2196"]
[BlackElo "1929"]
[PlyCount "72"]
[EventDate "2015.02.24"]
[EventType "swiss"]
[EventRounds "11"]
[EventCountry "ISR"]
[SourceTitle "CBM 166"]
[Source "ChessBase"]
[SourceDate "2015.05.11"]
[SourceVersion "1"]
[SourceVersionDate "2015.05.11"]
[SourceQuality "1"]

1. e4 e5 2. Nf3 Nc6 3. Bc4 Bc5 4. c3 Nf6 5. d3 Bb6 6. h3 d6 7. Bb3 Ne7 8. Nbd2 Ng6 9. Nc4 Be6 10. Ba4+ c6 11. Nxb6 axb6 12. Ng5 d5 13. Nxe6 fxe6 14. Bc2 0-0 15. g3 Qc7 16. Qe2 c5 17. h4 h5 18. Bg5 Qf7 19. 0-0 Ng4 20. f3 Nf6 21. f4 exf4 22. gxf4 Ng4 23. d4 Rfe8 24. a3 Ne7 25. Rae1 Kf8 26. Bb1 dxe4 27. Qxe4 Nf5 28. Rf3 c4 29. Rd1 Nf6 30. Qe2 b5 31. Re1 Nd5 32. Qe5 Kg8 33. Bc2 Qg6 34. Kh2 Nxh4 35. Bxh4 Qxc2+ 36. Re2 Qf5 0-1